La iglesia ante el progreso social y político: la enseñanza social de León XIII, de Pío X y de Benedicto XV, vista en su ambiente histórico, 1878-1922

Spremljeno u:
Bibliografski detalji
Glavni autor: Jarlot, Georges (Autor)
Format: Knjiga
Jezik:španjolski
Izdano: Barcelona Ediciones 62 1967
Serija:Colección Pensamiento Cristiano, 9
Teme:
Oznake: Dodaj oznaku
Bez oznaka, Budi prvi tko označuje ovaj zapis!

MARC

LEADER 00000nam a2200000 a 4500
001 UCL4132
003 CL-VaPUC
008 031231e19670000SP |||||||||||||||||spa|d
082 0 4 |a 261.1  |b JAR  |2 21 
100 |a Jarlot, Georges  |e author  |9 481673 
245 1 3 |a La iglesia ante el progreso social y político: la enseñanza social de León XIII, de Pío X y de Benedicto XV, vista en su ambiente histórico, 1878-1922 
300 |a 459 p 
942 |c BK 
945 |d 20031231 00:00:00  |a rbrito 
260 |a Barcelona  |b Ediciones 62  |c 1967 
600 0 |a León XIII  |9 310697 
600 0 |a Pío X  |9 433034 
600 0 |a Benedicto XV  |9 337649 
650 0 |a Teología social  |9 326726 
650 0 |a Documentos pontificios   |9 255642 
650 0 |a Encíclicas  |9 255643 
583 |a last modification  |c 20031231 00:00:00  |k Rodrigo Vera 
490 0 |a Colección Pensamiento Cristiano, 9 
999 |c 307075  |d 307073 
952 |0 0  |1 0  |4 0  |6 261_100000000000000_JAR_1967  |7 0  |8 A  |9 372560  |a BIBTEO  |b BIBTEO  |d 2019-11-21  |i 208628K  |o 261.1 JAR 1967  |p 208628K  |r 2025-01-17  |w 2019-11-21  |y BK  |k ICR